00682nam a22002177a 450000500170000001000220001702000260003902000320006503500170009703500140011403500130012803700150014108200120015610000210016824500940018926000330028327000740031630000400039050000180043070000160044820170731104115.0 a1617EN ENG-117123 a9780670087891c799.00 a9780143427636c399.00 (AV) aB-649491-496 aEN-100655 aB-667284 aDPLbAAKAR a303.483 aNilekani, Nandan aRebooting India:cby Nandan Nilekani [and] Viral Shahbrealizing a billion aspirations / aGurgaonbPenguin Booksc2015 a7th floor, infinity Toer C, DLF Cyber CitybGurgaon (Haryana)e122002 axxviii,337p.:c24cm(HB)bill.(col.) aincluds index aShah, Viral